000
00336nam a2200133Ia 4500
008
240624s9999 xx 000 0 und d
041
_a
eng
082
_a
658.4012 HAM
100
_a
HAMEL GARY
245
_a
COMPETING FOR THE FUTURE
260
_c
1994
_a
New Delhi
_b
Tata McGrawhill
300
_a
xxi, : 357 : p. : cm. ; 25
365
_c
RS
999
_c
25405
_d
25405